Evolution Of Religion (Record no. 327225)

MARC details
000 -LEADER
fixed length control field 00482nam a2200169Ia 4500
008 - FIXED-LENGTH DATA ELEMENTS--GENERAL INFORMATION
fixed length control field 230718s9999 xx 000 0 und d
020 ## - INTERNATIONAL STANDARD BOOK NUMBER
International Standard Book Number 9788188811090
041 ## - LANGUAGE CODE
Language code of text/sound track or separate title eng
082 ## - DEWEY DECIMAL CLASSIFICATION NUMBER
Classification number 294.517'5
Item number JAI
100 ## - MAIN ENTRY--PERSONAL NAME
Personal name Jain S.
245 ## - TITLE STATEMENT
Title Evolution Of Religion
Remainder of title The History And Religions Of Egypt And Harappan India
260 ## - PUBLICATION, DISTRIBUTION, ETC. (IMPRINT)
Date of publication, distribution, etc. 2009
Name of publisher, distributor, etc. Lead Start Pub.
300 ## - PHYSICAL DESCRIPTION
Extent 426
365 ## - TRADE PRICE
Currency code Rs.
Price amount 495.00
700 ## - ADDED ENTRY--PERSONAL NAME
Personal name Jain S.
906 ## - LOCAL DATA ELEMENT F, LDF (RLIN)
d O:0154912-Feb-2011B:304803-Feb-2011
c GENRL
b 99
Holdings
Withdrawn status Lost status Damaged status Not for loan Home library Current library Date acquired Vendor Budget Code Cost, normal purchase price Bill number Total Checkouts Full call number Barcode Date last seen Discount Cost, replacement price Bill Date Koha item type Original Barcode
        Cummins College of Engineering for Women Pune Cummins College of Engineering for Women Pune 12/02/2011 Pradeep Book Distributors GENRL 396.00 3048   294.517'5 CCEP-BK-38432 18/07/2023 99 495.00 03/02/2011 Books 038432